Die Berliner Handschrift des sahidischen Psalters /

محفوظ في:

مؤلفون مشاركون: Berlin. Staatliche Museen. Ägyptische Abteilung. Mss., Göttingen. Universität. Bibliothek. Mss.

مؤلفون آخرون: Rahlfs, Alfred, 1865-1935.

التنسيق: كتاب

اللغة: German
Coptic

منشور في: Gottingen : Vandenhoeck u. Ruprecht, 1901, Rep. 1970.

سلاسل: Abhandlungen der Akademie der Wiessenschaften in Gottingen ; 4.

الموضوعات:

الوسوم: إضافة وسم

لا توجد وسوم, كن أول من يضع وسما على هذه التسجيلة!

رقم الطلب: BS1425 .C6 1901

LEADER 01186namaa2200313 4500
003 OSt
005 20251019072838.0
008 130303r19011970gw a b 000 0 ger d
010 |a 73850974 
040 |c ARCE Library 
041 0 |a ger  |a cop 
050 4 |a BS1425 .C6 1901 
130 0 |a Bible.  |p Psalms.  |l Coptic (Sahidic).  |f 1901. 
245 1 4 |a Die Berliner Handschrift des sahidischen Psalters /   |c Hrsg. von Alfred Rahlfs. 
264 1 |a Gottingen :  |b Vandenhoeck u. Ruprecht,  |c 1901, Rep. 1970. 
300 |a 153 pages :   |b 2 leaves of illustrations ;   |c 25 cm. 
490 1 |a Abhandlungen der Akademie der Wiessenschaften in Gottingen ;  |v 4. 
504 |a Includes bibliograhical references. 
630 0 0 |2 Bible. Psalms. 
650 0 |a Coptic manuscripts (Papyri) 
650 0 |a Coptic language  |v Texts. 
700 1 |a Rahlfs, Alfred,  |d 1865-1935.  |9 38112 
710 1 |a Berlin.  |b Staatliche Museen.  |b Ägyptische Abteilung.  |b Mss. 
710 1 |a Göttingen.  |b Universität.  |b Bibliothek.  |b Mss. 
730 0 |a Bible. Manuscripts, Coptic (Sahidic) O. T. Psalms. 
830 0 |a Abhandlungen der Akademie der Wiessenschaften in Gottingen ;  |v 4. 
901 |a reviewed 
942 |c BK  |2 lcc 
999 |c 1155  |d 1155